Rois de France - Mort subite - Statistiques

Statistiques générales
  • Ce quiz a été pris 2 479 fois
    2 434 depuis la dernière actualisation
  • Le résultat moyen est 8 sur 16
Answers on the Grid
Answers color-coded by a green-red scale on the quiz's grid according to % correct below.
Louis XIV
Charles VI
Henri IV
Charles III
Jean III
LouisXIX
Childeric III
Baldéric
Louis-Philippe
Charles-Louis
Henry V
Lothaire
Hugues Ier
Childeric Ier
Charles VIII
François II
Gauthier II
Dagobert
Eudes
Raoul II
Robert Ier
Thierry IV
Arthur Ier
Clovis
 
Statistiques - réponses
Réponse % Correct
Louis XIV
78%
Clovis
76%
Henri IV
76%
Louis-Philippe
65%
Dagobert
63%
Charles VI
54%
Charles III
53%
François II
51%
Childeric Ier
49%
Charles VIII
48%
Hugues Ier
43%
Lothaire
43%
Robert Ier
39%
Childeric III
37%
Eudes
32%
Thierry IV
21%
Aucun quiz correspondant
Distribution des résultats
% des personnes avec chaque résultat
Percentile par nombre de réponses
Votre historique - résultats
Vous n’avez pas pris ce quiz depuis la dernière actualisation